Antes de América (Registro nro. 14720)

000 -CABECERA
campo de control de longitud fija 02052nam a2200361 i 4500
003 - IDENTIFICADOR DEL NÚMERO DE CONTROL
campo de control CO-BoRNBP
005 - FECHA Y HORA DE LA ÚLTIMA TRANSACCIÓN
campo de control 20230117130945.0
007 - CAMPO FIJO DE DESCRIPCIÓN FÍSICA--INFORMACIÓN GENERAL
campo de control de longitud fija ta
008 - DATOS DE LONGITUD FIJA--INFORMACIÓN GENERAL
campo de control de longitud fija 211028s2021 ck a ||dr ||| 00| 1 spa d
020 ## - NÚMERO INTERNACIONAL ESTÁNDAR DEL LIBRO
Número Internacional Estándar del Libro 9789584937223
040 ## - FUENTE DE LA CATALOGACIÓN
Centro catalogador/agencia de origen CO-BoRNBP
Lengua de catalogación spa
Normas de descripción rda
Centro/agencia transcriptor CO-MqBPB
041 0# - CÓDIGO DE LENGUA
Código de lengua del texto/banda sonora o título independiente spa
043 ## - CÓDIGO DE ÁREA GEOGRÁFICA
Código de área geográfica n------
-- s------
084 ## - OTRO NÚMERO DE CLASIFICACIÓN
Número de clasificación LM TEL7
100 1# - ENTRADA PRINCIPAL--NOMBRE DE PERSONA
Nombre de persona Tello, Nerio
Fechas asociadas al nombre 1951-
Término indicativo de función/relación autor
9 (RLIN) 199081
245 10 - MENCIÓN DE TÍTULO
Título Antes de América
Resto del título leyendas de los pueblos originarios
Mención de responsabilidad, etc. recopilación y adaptación Nerio Tello ; ilustraciones Rodolfo Fucile ; prólogo Victoria Morana
250 ## - MENCIÓN DE EDICIÓN
Mención de edición Edición especial
264 #1 - PRODUCCIÓN, PUBLICACIÓN, DISTRIBUCIÓN, FABRICACIÓN Y COPYRIGHT
Producción, publicación, distribución, fabricación y copyright Bogotá, Colombia
Nombre del de productor, editor, distribuidor, fabricante Moncada Villada Rigoberto
-- Ediciones Continente
Fecha de producción, publicación, distribución, fabricación o copyright 2021
300 ## - DESCRIPCIÓN FÍSICA
Extensión 92 páginas
Otras características físicas ilustraciones en blanco y negro
Dimensiones 24 cm
336 ## - TIPO DE CONTENIDO
Término de tipo de contenido texto
Código de tipo de contenido txt
Fuente rdacontent
337 ## - TIPO DE MEDIO
Nombre/término del tipo de medio sin mediación
Código del tipo de medio n
Fuente rdamedia
338 ## - TIPO DE SOPORTE
Nombre/término del tipo de soporte volumen
Código del tipo de soporte nc
Fuente rdacarrier
490 0# - MENCIÓN DE SERIE
Mención de serie Plan Nacional de Lectura y Escritura Leer es mi Cuento / Ministerio de Cultura
490 0# - MENCIÓN DE SERIE
Mención de serie Colección cuentan que cuentan
500 ## - NOTA GENERAL
Nota general Cuando los espanoles llegaron al continente que luego llamaron America se encontraron con una gran diversidad de grupos etnicos a lo largo y ancho de la region. Algunos eran solo pequenas tribus; a veces nomadas. Otros; en cambio; integraban conglomerados humanos que se habian desarrollado como verdaderas civilizaciones. Cada uno de estos pueblos tenia su idioma; su religion; sus tradiciones y un desarrollo cultural que les daba una fuerte identidad. Las leyendas aqui seleccionadas son algunas de las maravillosas historias que se conocian en las distintas partes de America; antes de la llegada de los invasores.
521 ## - NOTA DE PÚBLICO DESTINATARIO
Nota de público destinatario Recomendado para un público mayor de 12 años
650 17 - PUNTO DE ACCESO ADICIONAL DE MATERIA--TÉRMINO DE MATERIA
Término de materia o nombre geográfico como elemento de entrada Leyendas indígenas americanas
Subdivisión de forma Colecciones
Fuente del encabezamiento o término LEMB
9 (RLIN) 199082
650 17 - PUNTO DE ACCESO ADICIONAL DE MATERIA--TÉRMINO DE MATERIA
Término de materia o nombre geográfico como elemento de entrada Literatura indígena americana
Subdivisión de forma Colecciones
Fuente del encabezamiento o término LEMB
9 (RLIN) 199083
650 17 - PUNTO DE ACCESO ADICIONAL DE MATERIA--TÉRMINO DE MATERIA
Término de materia o nombre geográfico como elemento de entrada Mitología indígena
Subdivisión de forma Colecciones
Fuente del encabezamiento o término LEMB
9 (RLIN) 199084
700 1# - PUNTO DE ACCESO ADICIONAL--NOMBRE DE PERSONA
Nombre de persona Fucile, Rodolfo
Fechas asociadas al nombre 1978-
Término indicativo de función/relación ilustrador
9 (RLIN) 199085
700 1# - PUNTO DE ACCESO ADICIONAL--NOMBRE DE PERSONA
Nombre de persona Morana, Victoria
Término indicativo de función/relación prologuista
9 (RLIN) 199086
942 ## - ELEMENTOS DE PUNTO DE ACCESO ADICIONAL (KOHA)
Tipo de ítem Koha Libro Literatura
Existencias
Estado de retiro Estado de pérdida Fuente del sistema de clasificación o colocación Estado dañado No para préstamo Código de colección Localización permanente Ubicación/localización actual Fecha de adquisición Fuente de adquisición Total de préstamos Signatura topográfica completa Código de barras Fecha visto por última vez Fecha del último préstamo Número de copia Precio válido a partir de Tipo de ítem Koha Nota pública
          Literatura Adulto Biblioteca Pública San Juan Bosco Biblioteca Pública San Juan Bosco 17/01/2023 Dotación BNAL 2022 1 LM TEL7 MOS502892 09/10/2023 27/09/2023 EJ 1 17/01/2023 Libro Literatura Quince dias

© Todos los derechos reservados para la Biblioteca Pública Municipal San Juan Bosco, 2020
Secretaria de Cultura de Mosquera
Carrera 3 N° 10 Esquina Centro Cultural Barrio El Carmén Teléfono: 8270830 Ext: 34
Funcionando con KOHA
Contacto: Biblioteca Pública Municipal San Juan Bosco/ bibliotecasanjuanbosco@mosquera-cundinamarca.gov.co
Mosquera, Cundinamarca